| 000 | 00649nam a2200205Ia 4500 | ||
|---|---|---|---|
| 999 |
_c8077 _d8077 |
||
| 003 | OSt | ||
| 005 | 20200514110953.0 | ||
| 008 | 190216s9999||||xx |||||||||||||| ||und|| | ||
| 020 | _a9780230331969 | ||
| 020 | _a0230331963 | ||
| 040 | _coclc | ||
| 082 |
_a332.10684 _bFIN/A |
||
| 100 |
_aIndian Institute Of Banking And Finance _91155 |
||
| 245 | 0 |
_aAnti-Money Laundering & Know Your Customer / _cIndian Institute Of Banking And Finance |
|
| 250 | _a2nd ed. | ||
| 260 |
_bMacmillan, _c2010. _aDelhi: |
||
| 300 | _a249p | ||
| 650 | 0 |
_aSocial sciences _vEconomics _91086 |
|
| 942 |
_cBK _2ddc _h332.10684 _iFIN/A _k332.10684 _mFIN/A |
||